000 01033nam a2200277Ia 4500
003 OSt
005 20221005110043.0
006 a|||||r|||| 00| 0
007 ta
008 221004b |||||||| |||| 00| 0 hin d
020 _a9788126045556 (hbk)
_cINR 400.00
024 _a37455
037 _bBW/1663, 14/03/2018, Bookwell
_cTextual
040 _aCRL
_cCRL
_bhin
041 _2hin
_ahin
082 _aO152,6N06x, Q5
100 _aसत्यवान, संपा.
245 0 _aनंददुलारे वाजपेयी रचना संचयन
246 _aNandadulāre vājapeyī rachanā sanchayana
260 _aनई दिल्ली
_bसाहित्य अकादेमी भारत
_c2015
300 _a592पृ0
_ccm.
650 _a हिन्दी साहित्य
650 _aहिन्दी निबंध
942 _hO152,6N06x, Q5
_cTEXL
_2cc
999 _c1017638
_d1017638